000 00758nam a2200205 i 4500
001 32414
003 ES-MaACL
005 20230906154553.0
007 t|
008 030131s1967 sp ||||1| spa d
100 1 _aBennett, Thomas Peter.
_927740
245 1 0 _aFundamentos modernos de bioquímica
_b: estructura y función de las moléculas biológicas /
_cThomas Peter Bennett, Earl Frieden ; versión pilar Carbonero Zalduegui, Francisco García Olmedo.
250 _a1ª ed.
260 _aMadrid :
_bCiencia y técnica,
_c[1967]
300 _aVI, 250 p., 2 lám. ;
_c24 cm.
700 1 _aFrieden, Earl.
_952620
700 1 _aCarbonero Zalduegui, Pilar.
_935084
700 1 _aGarcía Olmedo, Francisco.
_955047
852 _aES-MaACL
_jC-33964
_bR.64689
999 _c32414
_d32414